MARC details
| 000 -LEADER |
| fixed length control field |
01023cam a2200217 4500 |
| 001 - CONTROL NUMBER |
| control field |
WS111018 |
| 008 - FIXED-LENGTH DATA ELEMENTS--GENERAL INFORMATION |
| fixed length control field |
000000n 000 0 eng u |
| 035 ## - SYSTEM CONTROL NUMBER |
| System control number |
(Sirsi) u111018 |
| 245 ## - TITLE STATEMENT |
| Title |
International ADR |
| 520 ## - SUMMARY, ETC. |
| Summary, etc. |
Site which describes itself as an 'electronic forum that provides information on the principal aspects of international mediation and arbitration'. Includes a directory of treaties, an outline of the arbitration laws in different countries, details of international arbitral awards and judicial decisions and a directory of model clauses for contracts. |
| 650 ## - SUBJECT ADDED ENTRY--TOPICAL TERM |
| Topical term or geographic name entry element |
INTERNATIONAL |
| 650 ## - SUBJECT ADDED ENTRY--TOPICAL TERM |
| Topical term or geographic name entry element |
MANAGEMENT-DISPUTE AVOIDANCE, MANAGEMENT AND RESOLUTION-DISPUTE MANAGEMENT AND RESOLUTION-ARBITRATION |
| 650 ## - SUBJECT ADDED ENTRY--TOPICAL TERM |
| Topical term or geographic name entry element |
MEDIATION |
| 650 ## - SUBJECT ADDED ENTRY--TOPICAL TERM |
| Topical term or geographic name entry element |
MODEL CLAUSES |
| 650 ## - SUBJECT ADDED ENTRY--TOPICAL TERM |
| Topical term or geographic name entry element |
Contracts |
| 9 (RLIN) |
6232 |
| 650 ## - SUBJECT ADDED ENTRY--TOPICAL TERM |
| Topical term or geographic name entry element |
LEGISLATION |
| 650 ## - SUBJECT ADDED ENTRY--TOPICAL TERM |
| Topical term or geographic name entry element |
TREATIES |
| 690 ## - LOCAL SUBJECT ADDED ENTRY--TOPICAL TERM (OCLC, RLIN) |
| Topical term or geographic name as entry element |
Dispute resolution |
| 9 (RLIN) |
6236 |
| 856 40 - ELECTRONIC LOCATION AND ACCESS |
| Uniform Resource Identifier |
<a href="https://www.internationaladr.com">https://www.internationaladr.com</a> |
| Public note |
View the website free of charge at www.internationaladr.com... |
| 942 ## - ADDED ENTRY ELEMENTS (KOHA) |
| Suppress in OPAC |
0 |